Le fédéralisme de demain (Registro nro. 317247)

Detalles MARC
000 -ENCABEZADO
Número de control [NR] 00724nam a2200205 a 4500
005 - FECHA Y HORA DE LA ÚLTIMA TRANSACCIÓN
control field 20210519141432.0
008 - DE LONGITUD FIJA DE DATOS DE ELEMENTOS - INFORMACIÓN GENERAL
Elementos de longitud fija [NR] 210519s1998 quc |||gr|||| 00| 0 fre d
020 ## - NUMERO INTERNACIONAL NORMALIZADO PARA LIBROS [R]
Número Internacional Normalizado del libro [NR] 2891274393
040 ## - FUENTE DE CATALOGACION [NR]
Agencia de catalogación original [NR] CO-BoUCM
Idioma de catalogación [NR] spa
Quien Cataloga Deissy Garcia
Quien Clasifica Deissy Garcia
041 0# - CODIGO DE IDIOMA [R]
Código de idioma para texto/pista de sonido o título separado [R] Francés
245 03 - MENCION DE TITULO [NR]
Título [NR] Le fédéralisme de demain
Parte restante del título [NR] réformes essentielles
Mención de responsabilidad, etc. [NR] Gérald-A. Beaudoin ... [y otros.]
260 ## - PUBLICACION, DISTRIBUCION, ETC. (PIE DE IMPRENTA) [R]
Lugar de publicación, distribución, etc. [R] Montréal
Nombre del editor, distribuidor, etc. [R] Wilson & Lafleur
Fecha de publicación, distribución, etc. [R] 1998
300 ## - DESCRIPCION FISICA [R]
Extensión [R] xv, 419 páginas
504 ## - NOTA DE BIBLIOGRAFIA, ETC. [R]
Nota de bibliografía, etc. [NR] Incluye referencias bibliográficas
650 #7 - ASIENTO SECUNDARIO DE MATERIA - TERMINO TEMATICO [R]
9 (RLIN) 15622
Término temático o nombre geográfico como elemento de entrada [NR] Federalismo
Subdivisión geográfica [R] Canadá
650 #7 - ASIENTO SECUNDARIO DE MATERIA - TERMINO TEMATICO [R]
9 (RLIN) 16478
Término temático o nombre geográfico como elemento de entrada [NR] Gobierno federal
Subdivisión geográfica [R] Canadá
700 1# - ASIENTO SECUNDARIO - NOMBRE PERSONAL [R]
Nombre personal [NR] Beaudoin, Gérald A.
9 (RLIN) 96413
942 ## - ELEMENTOS DE ENTRADA AGREGADOS (KOHA)
Tipo de ítem principal el descrito en 300a Libro
Sistema de clasificación DEWEY
Tema principal Derecho
Edición 1
Clasificación 342.71
Parte restante de la signatura top. F287
Título oculto en OPAC No
Existencias
Signatura topográfica Código de barras Última vez visto Ejemplar Costo de reposición Price effective from Tipo de ítem Perdido Sistema de clasificación Dañado No prestable Tipo de ítem específico Suprimido Ubicación habitual Ubicación actual Localización Fecha de creación Proveedor Forma de adquisición Costo
342.71 F287 100165720 06/12/2024 Ej.1 26000.00 06/02/2020 Libro   DEWEY     Libro   BodegaJK Claustro Préstamo 2 días después de solicitado 06/02/2020 12 Donación 0.00